Report of the Committee to Review the Working of the Monetary System (Record no. 491331)

000 -LEADER
fixed length control field 00505cam a22001337a 4500
008 - FIXED-LENGTH DATA ELEMENTS--GENERAL INFORMATION
fixed length control field 180718b xxu||||| |||| 00| 0 eng d
082 ## - DEWEY DECIMAL CLASSIFICATION NUMBER
Classification number T41x54 R311R
100 ## - MAIN ENTRY--PERSONAL NAME
Personal name India. Committee to Review the Working of the Monetary System
245 ## - TITLE STATEMENT
Title Report of the Committee to Review the Working of the Monetary System
Statement of responsibility, etc. by Reserve Bank of India
260 ## - PUBLICATION, DISTRIBUTION, ETC.
Place of publication, distribution, etc. Bombay
Name of publisher, distributor, etc. Reserve Bank of India
Date of publication, distribution, etc.
500 ## - GENERAL NOTE
General note Chairman: Sukhamoy Chakravarty
700 ## - ADDED ENTRY--PERSONAL NAME
Personal name Reserve Bank of India
700 ## - ADDED ENTRY--PERSONAL NAME
Personal name Chakravarty, Sukhamoy (Chairman)
Holdings
Withdrawn status Lost status Damaged status Not for loan Permanent Location Current Location Date acquired Full call number Barcode Date last seen Price effective from Koha item type
        Indian Institute of Public Administration Indian Institute of Public Administration 2018-08-04 T41x54 R311R G16714 2018-08-04 2018-08-04 G

Powered by Koha